Current topics in membrane and transport Volume 17, Membrane lipids of prokaryotes /

CURR TOPICS IN MEMBRANES & TRANSPORT V17.

Bibliographic Details
Corporate Author: ScienceDirect (Online service)
Other Authors: Bronner, Felix, Kleinzeller, Arnošt
Format: eBook
Language:English
Language Notes:English.
Published: San Diego : Academic Press, 1982.
Series:Current topics in membranes and transport ; 17.
Subjects:
Online Access:Connect to the full text of this electronic book

MARC

Tag First Indicator Second Indicator Subfields
LEADER 00000cam a2200000 a 4500
001 in00005744113
005 20260326180130.8
006 m o d
007 cr cn|||||||||
008 900419s1982 caua ob 001 0 eng d
040 |a E7B  |b eng  |e pn  |c E7B  |d OCLCQ  |d UBY  |d OCLCQ  |d OPELS  |d OCLCQ  |d OCLCF  |d UIU  |d OCLCQ  |d DEBSZ  |d LEAUB  |d VLY  |d OCLCO  |d OCLCQ  |d OCLCO  |d OCLCL  |d OCLCQ  |d OCLCL  |d OCLCQ 
019 |a 505079345  |a 1162095172  |a 1397452844  |a 1515234785 
020 |z 0121533174 
020 |z 9780121533175 
020 |a 1281713082 
020 |a 9781281713087 
020 |a 9786611713089 
020 |a 6611713085 
020 |a 0080584888 
020 |a 9780080584881 
035 |a (OCoLC)646756734  |z (OCoLC)505079345  |z (OCoLC)1162095172  |z (OCoLC)1397452844  |z (OCoLC)1515234785 
050 4 |a QP752.M45  |b C8717 1982eb 
082 0 4 |a 571.6/4  |2 23 
049 |a TXAM 
245 0 0 |a Current topics in membrane and transport  |n Volume 17,  |p Membrane lipids of prokaryotes /  |c edited by Felix Bronner and Arnost Kleinzeller. 
246 3 0 |a Membrane lipids of prokaryotes 
260 |a San Diego :  |b Academic Press,  |c 1982. 
300 |a 1 online resource (xvii, 383 pages) :  |b illustrations. 
336 |a text  |b txt  |2 rdacontent 
337 |a computer  |b c  |2 rdamedia 
338 |a online resource  |b cr  |2 rdacarrier 
490 1 |a Current topics in membranes and transport ;  |v 17 
504 |a Includes bibliographical references and index. 
588 0 |a Print version record. 
505 0 |a Front Cover; Membrane Lipids of Prokaryotes; Copyright Page; Contents; List of Contributors; Foreword; Preface; Yale Membrane Transport Processes Volumes; Contents of Previous Volumes; Chapter 1. Lipids of Prokaryotes-Structure and Distribution; I. Introduction; II. Structure of the Lipids of Prokaryotes; III. Distribution of Lipids in Prokaryotes; IV. Prokaryotic Lipids and Phylogeny; V. Conclusions; References; Chapter 2. Lipids of Bacteria Living in Extreme Environments; I. Introduction; II. Apolar Residues; Ill. Neutral Lipids; IV. Glycolipids; V. Acidic Lipids; VI. Overview; References 
505 8 |a Chapter 3. Lipopolysaccharides of Gram-Negative BacteriaI. Introduction; II. Isolation, Structure, and Biosynthesis of Lipopolysaccharides; III. Some Selected Aspects on the Biology of Lipopolysaccharides; IV. Final Remarks; References; Chapter 4. Prokaryotic Polyterpenes: Phylogenetic Precursors of Sterols; I. Introduction; II. The Sterols of Prokaryotes; III. The Polyterpenoids of Prokaryotes; IV. The Prokaryotic Polyterpenoids as Phylogenetic Precursors of Sterols; V. Addendum; References; Chapter 5. Sterols in Mycoplasma Membranes; I. Introduction; II. Cholesterol Uptake 
505 8 |a III. Role of SterolsIV. Conclusions; References; Chapter 6. Regulation of Bacterial Membrane Lipid Synthesis; I. Introduction; II. Regulation of Membrane Lipid Synthesis; III. Conclusions; References; Chapter 7. Transbilayer Distribution of Lipids in Microbial Membranes; I. Introduction; II. Assessment of Transbilayer Distribution of Membrane Lipids; III. Transbilayer Distribution of Outer Membrane Lipids; IV. Transbilayer Distribution of Cytoplasmic Membrane Lipids; V. How Lipid Asymmetry is Maintained; References 
505 8 |a Chapter 8. Lipid Phase Transitions and Regulation of Membrane Fluidity in ProkaryotesI. Introduction; II. Lipid Phases; III. Membrane Bilayer Transitions; IV. Fluidity-Modulating Lipids; V. Patching; VI. Biological Consequences of Membrane State; VII. Biological Control; References; Chapter 9. Effects of Membrane Lipids on Transport and Enzymic Activities; I. Introduction; II. Relevant Properties of Membrane Constituents; III. Arrhenius Plots of Membrane Transport Systems and Enzymes; IV. Studies of Cells and Membranes; V. Studies of Isolated Membrane-Bound Enzymes; VI. Conclusions 
520 |a CURR TOPICS IN MEMBRANES & TRANSPORT V17. 
546 |a English. 
650 0 |a Membrane lipids. 
650 0 |a Prokaryotes. 
650 6 |a Lipides membranaires. 
650 6 |a Procaryotes. 
650 7 |a Membrane lipids  |2 fast 
650 7 |a Prokaryotes  |2 fast 
655 7 |a Electronic books.  |2 local 
700 1 |a Bronner, Felix. 
700 1 |a Kleinzeller, Arnošt. 
710 2 |a ScienceDirect (Online service) 
758 |i has work:  |a Current topics in membranes and transport 17 Membrane lipids of prokaryotes (Work)  |1 https://id.oclc.org/worldcat/entity/E39PCYwYpFMg9R8MXHdhFCCyBd  |4 https://id.oclc.org/worldcat/ontology/hasWork 
776 1 |z 0121533174 
830 0 |a Current topics in membranes and transport ;  |v 17. 
856 4 0 |u http://proxy.library.tamu.edu/login?url=https://www.sciencedirect.com/science/bookseries/00702161/17  |z Connect to the full text of this electronic book  |t 0 
936 |a BATCHLOAD 
955 |a Elsevier ScienceDirect 2026-2027 
994 |a 92  |b TXA 
999 f f |i d1998a83-32be-4113-8f62-27606c64c122  |s 05a7bcdd-e4e9-4c71-9c08-bb85251e06e8  |t 0 
952 f f |a Texas A&M University  |b College Station  |c Electronic Resources  |s www_evans  |d Available Online  |t 0  |e QP752.M45 C8717 1982eb  |h Library of Congress classification 
998 f f |a QP752.M45 C8717 1982eb  |t 0  |l Available Online